España sagrada. (Record no. 174565)

MARC details
000 -LEADER
campo de control de longitud fija 00936nam a2200241 4500
001 - NÚMERO DE CONTROL
campo de control 174565
003 - IDENTIFICADOR DE NÚMERO DE CONTROL
campo de control ES-MaACL
005 - FECHA Y HORA DE LA ÚLTIMA TRANSACCIÓN
campo de control 20250709063229.0
008 - DATOS DE LONGITUD FIJA--INFORMACIÓN GENERAL
campo de control de longitud fija 100506s1824 sp p |||| | spa d
080 ## - NÚMERO DE LA CLASIFICACIÓN DECIMAL UNIVERSAL
Número de la Clasificación Decimal Universal 27(460.182)
100 1# - ENTRADA PRINCIPAL--NOMBRE DE PERSONA
Nombre de persona Flórez, Enrique,
Fechas asociadas al nombre 1702-1773
9 (RLIN) 142679
240 10 - TÍTULO UNIFORME
Título uniforme España sagrada
245 10 - MENCIÓN DEL TÍTULO
Título España sagrada.
Número de parte o sección de la obra Tomo XXVII,
Nombre de parte o sección de la obra Las igleisas colegiales, monasterios, y santos de la Diócesi de Burgos
Resto del título : conventos, parroquias y hospitales de la ciudad /
Mención de responsabilidad, etc. su autor Henrique Florez.
250 ## - MENCION DE EDICION
Mención de edición Edición segunda.
260 ## - PUBLICACIÓN, DISTRIBUCIÓN, ETC.
Lugar de publicación, distribución, etc. Madrid :
Nombre del editor, distribuidor, etc. por D. José del Collado, 1824.
300 ## - DESCRIPCIÓN FÍSICA
Extensión [8], 472 p. ;
Dimensiones 20 cm.
500 ## - NOTA GENERAL
Nota general Apéndices, 408-469 p.
504 ## - NOTA DE BIBLIOGRAFÍA, ETC.
Nota de bibliografía, etc. Índice alfabético de las cosas notables del tomo.
546 ## - NOTA DE IDIOMA
Nota de lengua/lenguaje Apéndices en latín.
651 #4 - PUNTO DE ACCESO ADICIONAL DE MATERIA--NOMBRE GEOGRÁFICO
Nombre geográfico Burgos (Provincia)-
Subdivisión general Historia eclesiástica.
9 (RLIN) 142730
852 4# - LOCALIZACIÓN
Ubicación ES-MaACL
Número de control de estantería R-1617-69
Encuadernación C-16767-818
Holdings
Estatus retirado Estado de pérdida Estado de daño No para préstamo Biblioteca de origen Biblioteca actual Ubicación en estantería Fecha de adquisición Fuente de adquisición Total de préstamos Signatura topográfica completa Código de barras Visto por última vez Precio de reemplazo Tipo de ítem Koha
        Biblioteca del Ateneo de Madrid Biblioteca del Ateneo de Madrid Depósito 06/05/2010     R-1643 1183251 23/02/2023 23/02/2023 Libro impreso